000 02156nam a22002057a 4500
008 120814t xxu||||| |||| 00| 0 eng d
020 _a0071158189
050 _aHF56.35.L32
100 _aLarson, Kermit D.
245 _aFundamental accounting principles. /
_cKermit D. Larson, John J. Wild and Barbara Chiappetta
250 _a15th ed.
260 _aLondon:
_bIrwin McGraw Hill,
_cc1999.
300 _axxxii, 1136p+various pagings.:
_bill. ;
_c28cm.
500 _aIncludes index
505 _aContents: Financial reporting and the accounting cycle: Accounting in the information age -- Financial statements and accounting transactions -- Analyzing and recording transactions -- Adjusting accounts for financial statements -- Completing the accounting cycle -- Accounting for operating activities: Accounting for mechandising activities -- Merchandise inventories and cost of sales -- Accounting information systems -- Accounting for investing and financing activities: Internal control and cash -- Receivables and short-term investments -- Plant assets, natural resources, and intangible assets -- Current and long-term liabilities -- Accounting for partnerships and corporations: Partnerships and corporations -- Corporate reporting: dividends, stock and income -- Bonds and long-term notes payable -- Long-term investments and international accounting -- Analysis of accounting information: Reporting and analyzing cash flows -- Analyzing financial statements -- Managerial accounting and product costing: Managerial accounting concepts and principles -- Manufacturing and job order cost accounting -- Process cost accounting -- Cost allocation and performance measurement -- Cost planning and control: Cost-volume-profit analysis -- Master budgets and planning -- Flexible budgets and standard costs -- Strategic analysis in managerial and cost accounting: Capital budgeting and managerial decisions -- Appendix A: financial statements -- Appendix B: accounting concepts and alternative valuations -- Appendix C: present and future values.
650 _bAccounting
700 _aWild, John J.
700 _aChiappetta, Barbara
942 _2lcc
_cBK
999 _c2014
_d9514